KOHA-Header-6

مغل دربار (Record no. 13617)

000 -LEADER
fixed length control field 00338nam a22001217a 4500
082 ## - DEWEY DECIMAL CLASSIFICATION NUMBER
Classification number 891.43
Item number م ب ا
100 ## - MAIN ENTRY--AUTHOR NAME
Personal name مبارک علی
245 ## - TITLE STATEMENT
Title مغل دربار
260 ## - PUBLICATION, DISTRIBUTION, ETC. (IMPRINT)
Place of publication لاہور
Name of publisher فکشن ہاؤس
Year of publication ٢٠٠٤
300 ## - PHYSICAL DESCRIPTION
Number of Pages ١٧١ صفحات
650 ## - SUBJECT ADDED ENTRY--TOPICAL TERM
Topical Term Mughal Darbar, Mubarak Ali, History, Mughal Emperor
942 ## - ADDED ENTRY ELEMENTS (KOHA)
Koha item type Books
Holdings
Withdrawn status Lost status Collection code Permanent Location Current Location Shelving location Date acquired Full call number Accession Number Koha item type
    Urdu Literature MAJU MAJU Shelf No.A12 2022-12-23 891.43 م ب ا 10722 Books

Powered by Koha